000 00328nam a2200133Ia 4500
008 240624s9999 xx 000 0 und d
041 _aeng
082 _a658.4038011 BRA
100 _aBRADY JOSEPH A
245 _aADVANCED CASES IN MIS
260 _c2002
_aSingapore
_bThomson Asia
300 _ax, : 222 : cm. ; 28
365 _cRS
999 _c1925
_d1925